| 000 | 00517nam a2200181 u 4500 | ||
|---|---|---|---|
| 005 | 20220526132327.0 | ||
| 008 | 090901s2006 r 000 0 eng d | ||
| 020 | _a9704700318 | ||
| 035 | _aUPN01000172172 | ||
| 049 | _aCG | ||
| 050 | 4 |
_aB68 _bM3.2 |
|
| 100 | 1 | _aMartínez Sáez, Santiago | |
| 245 | 1 | 0 |
_aClaves para entender el mundo moderno / _cSantiago Martínez Sáez. |
| 260 |
_aMéxico : _bMinos Tercer Milenio, _c2006. |
||
| 300 | _a177 p. | ||
| 650 | 7 |
_aFilosofía _vMiscelánea _2 _915075 |
|
| 905 | _aLibro | ||
| 999 |
_c144276 _d144276 |
||